| 000 | 01320cam a2200289 4500 | ||
|---|---|---|---|
| 001 | B3396 | ||
| 008 | 090401t1990 xxu||||| |||| 00| 0 eng d | ||
| 035 | _a(Sirsi) u55820 | ||
| 041 | _aeng | ||
| 050 | _a711.1 | ||
| 110 |
_aJournal of Planning and Environment Law _92913 |
||
| 245 | _aMaterial considerations in town and country planning decisions : papers from a conference held at Oxford,September 1990, organised by the Bar Council , the Law Society and the Royal Institution of Chartered Surveyors | ||
| 260 |
_aLondon _bSweet and Maxwell _c1990 |
||
| 300 | _aiii,77p. ; 25cm. | ||
| 350 | _a55 | ||
| 490 |
_aJournal of Planning and Environment Law Occasional Paper _v17 |
||
| 520 | _aPapers by Layfield,F ; Rossi,H ; Smith,N ; Keene,D ; Jenkins,J ; Page,J Saxon,R Papers:-Material considerations...the law. - Consequences of the green issue the European dimension. - Material infrastructure transportation considerations. - Response to the experts. - The National Trust . - Historic heritage. - Architecture design as material considerations. | ||
| 650 | _aANCIENT MONUMENTS | ||
| 650 | _aCONSERVATION AREAS | ||
| 650 | _aENGLISH HERITAGE | ||
| 650 |
_aEXPERT WITNESS _96239 |
||
| 650 | _aGREEN ISSUES | ||
| 650 | _aHISTORIC BUILDINGS | ||
| 650 | _aTRANSPORT | ||
| 942 | _n0 | ||
| 948 | _c04/03/1997 | ||
| 999 |
_c93656 _d93656 |
||